01482cam a2200397 i 4500999001700000001000900017005001700026008004100043010001700084015001900101016001800120020001800138020001500156020001500171020001800186035002400204050002400228082002100252100003000273245007100303250002000374300004700394500002800441504006900469650005400538650004800592650002700640650004000667650003400707650003500741650002400776650006200800700002800862942003600890952015800926 c30925d309251981947520210128090743.0170722s2017 nyua b 001 0 eng d a 2017288616 aGBB4B60392bnb7 a0168978302Uk a9780415832434 a0415832438 a041583242X a9780415832427 a(OCoLC)ocn89363099900aLB 2395.7 .K67 201704a378.173446782231 aKo, Susan Schor,eauthor.10aTeaching online :ba practical guide /cSusan Ko and Steve Rossen. aFourth edition. axxiii, 486 pages :billustrations ;c22 cm aPrevious edition: 2010. aIncludes bibliographical references (pages [436]-470) and index. 0aEducation, HigherxComputer-assisted instruction. 0aWorld Wide WebxStudy and teaching (Higher) 0aInternet in education. 0aCollege teachingxAids and devices. 0aInternet in higher education. 0aComputer-assisted instruction. 0aDistance education.04aInsegnamento universitarioxImpiego di internetvManuali.1 aRossen, Steve,eauthor. 2lcccBOOKShLB 2395.7 .K67 2017 00102lcc4070aMUCbMUCcGENd2021-01-28eDonation - Rattsnsi Educational Trustg16872.00l0oLB 2395.7 .K67 2017p23487r2021-02-16w2021-01-28yBOOKS